[Event "FSV-ch 2011"]
[Site "Dortmund"]
[Date "2011.04.28"]
[Round "6.12"]
[White "Milonas, Georgios"]
[Black "Lauche, Christoph"]
[Result "0-1"]
[WhiteElo "1603"]
[BlackElo "1873"]
[PlyCount "130"]
[EventDate "2011.??.??"]

1. e4 c5 2. Nf3 e6 3. d4 cxd4 4. Nxd4 Bc5 5. Nc3 Qb6 6. Na4 Qa5+ 7. Nc3 Qb6 8.
Na4 Qa5+ 9. Nc3 Qd8 10. Nb3 Bb6 11. Be2 Ne7 12. Bf3 O-O 13. O-O Nbc6 14. g3 f5
15. Bg2 fxe4 16. Nxe4 d5 17. Nec5 Nf5 18. c3 Qe7 19. Na4 Bc7 20. Nac5 b6 21.
Nd3 Bb7 22. f4 Rad8 (22... Rfd8 23. Qc2 e5 24. Nxe5 Nxe5 25. fxe5 Bc8 26. Bd2 {
(=)} 26... Bxe5 27. Rae1 Qd6 28. Bf4 Bxf4 29. Rxf4 g5) 23. Qc2 e5 24. Nxe5 Nxe5
25. fxe5 Bc8 26. Bd2 {(=)} 26... Bxe5 27. Rae1 Qd6 28. Bf4 Bxf4 29. Rxf4 g5 30.
Rff1 d4 31. cxd4 Nxd4 32. Nxd4 Qxd4+ 33. Kh1 Rxf1+ 34. Rxf1 Be6 35. a3 Qd2 36.
Qb1 Bc4 37. Rg1 Bb3 38. Qf5 Rf8 39. Qg4 Rf2 40. Qc8+ Kg7 41. Qc7+ Rf7 42. Qe5+
Kh6 43. h4 gxh4 44. gxh4 Qf4 45. Qg5+ Qxg5 46. hxg5+ Kh5 47. Bc6 Rf2 48. Rg2
Rxg2 49. Kxg2 Kxg5 50. Kg3 Bd1 51. b4 h5 52. a4 h4+ 53. Kf2 Kf4 54. a5 Bc2 55.
axb6 axb6 56. b5 Be4 57. Bd7 Bf5 58. Bc6 h3 59. Kg1 Kg3 60. Kh1 Bg4 61. Kg1 h2+
62. Kh1 Be2 63. Be4 Bxb5 64. Bd5 Bd3 65. Bc6 b5 0-1

[Event "FSV-ch 2011"]
[Site "Dortmund"]
[Date "2011.04.28"]
[Round "6.13"]
[White "Knackstedt, Ulf"]
[Black "Reinacher, Detlev"]
[Result "0-1"]
[WhiteElo "1730"]
[BlackElo "1588"]
[PlyCount "86"]
[EventDate "2011.??.??"]

1. e4 d6 2. Bc4 g6 3. f4 Bg7 4. Nf3 Nf6 5. d3 c6 6. Nc3 b5 7. Bb3 Bb7 8. O-O
O-O 9. Qe1 a6 10. Qh4 Nbd7 11. a3 e5 12. f5 d5 13. fxg6 fxg6 14. Bg5 Qc7 15. d4
exd4 16. Nxd4 Qb6 17. Be3 Kh8 18. Nf5 Qc7 19. Nxg7 Kxg7 20. Bh6+ Kh8 21. exd5
cxd5 22. Bxf8 Rxf8 23. Rae1 Qc6 24. Re7 $4 Qc5+ 25. Kh1 Qxe7 26. Re1 Qc5 27.
Rf1 Qc6 28. Ne2 Kg7 29. Nd4 Qd6 30. Qh3 Re8 31. c3 Nc5 32. Bc2 Nce4 33. Qh4 Qe5
34. Nf3 Qd6 35. g4 h6 36. g5 hxg5 37. Nxg5 Nxg5 38. Qxg5 d4+ 39. Kg1 Ne4 40.
Qg4 Nd2 41. Rf4 Qc6 42. Rxd4 Qh1+ 43. Kf2 Qxh2+ 0-1

[Event "FSV-ch 2011"]
[Site "Dortmund"]
[Date "2011.04.28"]
[Round "6.14"]
[White "Tautz, Eugen"]
[Black "Völler, Lothar"]
[Result "0-1"]
[WhiteElo "1442"]
[BlackElo "1454"]
[PlyCount "132"]
[EventDate "2011.??.??"]

1. c4 Nf6 2. Nc3 e5 3. Nf3 e4 4. Ng5 h6 5. Ngxe4 Nxe4 6. Nxe4 Bb4 7. a3 Be7 8.
g3 f5 9. Nc3 O-O 10. e3 Nc6 11. Bg2 Ne5 12. Qe2 c6 13. d4 Ng4 14. f3 Nf6 15.
O-O d6 16. Bd2 d5 17. cxd5 cxd5 18. Rac1 a6 19. b4 Bd7 20. Rfe1 a5 21. Rb1 axb4
22. axb4 Re8 23. Rec1 Bd6 24. Qf2 Qe7 25. Bf1 Bxb4 26. Nb5 Bxd2 27. Qxd2 Qxe3+
28. Qxe3 Rxe3 29. Kf2 Re7 30. Nd6 Ra2+ 31. Kg1 f4 32. g4 Re3 33. Bg2 Ree2 34.
Bh1 Rxh2 35. Nxb7 Rhd2 36. Rd1 Ba4 37. Rxd2 Rxd2 38. Rb4 Bd1 39. Nc5 Kh7 40.
Ne6 Be2 41. Nxf4 Bc4 42. Ne6 Rd1+ 43. Kh2 Re1 44. Nf8+ Kg8 45. Rb8 Kf7 46. Bg2
Rd1 47. Kg3 Rxd4 48. Bh3 g5 49. Kf2 Rd2+ 50. Ke3 Rh2 51. Kd4 Rxh3 52. Ke5 Rxf3
53. Ne6 Nxg4+ 54. Kd6 Rb3 55. Rf8+ Kg6 56. Rg8+ Kf5 57. Nd4+ Ke4 58. Nxb3 Bxb3
59. Kc5 Bc4 60. Re8+ Kf5 61. Kd4 Nf6 62. Re5+ Kg6 63. Re6 h5 64. Ke5 g4 65.
Rxf6+ Kg5 66. Rf5+ Kh4 {und nun folgte (was beide Spieler nicht mehr notierten)
der grobe Einsteller 67.Tf1?? Schwarz bot daraufhin dem Gegner die Ruecknahme
des Zuges an, doch Weiss zog es vor aufzugeben.} 0-1

[Event "FSV-ch 2011"]
[Site "Dortmund"]
[Date "2011.05.03"]
[Round "6.16"]
[White "Vogt, Christian"]
[Black "Maffei, Hendrik"]
[Result "1-0"]
[WhiteElo "1432"]
[BlackElo "1290"]
[PlyCount "97"]
[EventDate "2011.??.??"]

1. b3 Nf6 2. Bb2 e6 3. c4 c5 4. g3 Be7 5. Bg2 O-O 6. Nc3 Nc6 7. e3 Nb4 8. d4 d5
9. Nge2 Bd7 10. a3 Na6 11. cxd5 exd5 12. Nxd5 Nxd5 13. Bxd5 Bc6 14. Bxc6 bxc6
15. O-O Nc7 16. dxc5 Bxc5 17. Qc2 Ne6 18. Rfd1 Qg5 19. Nd4 Bb6 20. Qxc6 Qg6 21.
Nxe6 fxe6 22. Bd4 Qf7 23. Rf1 Rac8 24. Qe4 Rcd8 25. Bxb6 axb6 26. Rac1 Rd2 27.
Qf4 Qe7 28. Qb4 Qxb4 29. axb4 b5 30. Rc6 Kf7 31. Rb6 Rb2 32. Rxb5 Rxb3 33. Rc1
Rb2 34. Rc4 Kg8 35. Rf4 Rxf4 36. exf4 Kf7 37. Kg2 Rb1 38. h4 Kg6 39. g4 h6 40.
Rb7 Rb3 41. h5+ Kh7 42. b5 Kg8 43. b6 Kh7 44. Rb8 Rb1 45. b7 Rb3 46. g5 g6 47.
hxg6+ Kxg6 48. Rg8+ Kh7 49. b8=Q 1-0

[Event "FSV-ch 2011"]
[Site "Dortmund"]
[Date "2011.05.02"]
[Round "6.17"]
[White "Skalweit, Wolfgang"]
[Black "Busch, J. Malo"]
[Result "0-1"]
[WhiteElo "1401"]
[BlackElo "1220"]
[PlyCount "118"]
[EventDate "2011.??.??"]

1. f4 d5 2. Nf3 Nf6 3. d3 Nc6 4. c3 Bg4 5. e3 e5 6. fxe5 Nxe5 7. Qa4+ Qd7 8.
Qxd7+ Nexd7 9. Be2 h6 10. h3 Bh5 11. Nbd2 Bg6 12. Nh4 Ne5 13. Nxg6 Nxg6 14. g3
h5 15. Nf3 Bd6 16. Kf2 h4 17. g4 c5 18. Bd2 Rc8 19. b3 b5 20. a4 a6 21. axb5
axb5 22. Ra5 b4 23. Rha1 O-O 24. R1a4 Rb8 25. cxb4 cxb4 26. g5 Nh5 27. Rxd5
Rfd8 28. Kg2 Ng3 29. Bd1 Ne7 30. Rd4 Nef5 31. Rc4 Be7 32. d4 Ne4 33. Ra2 Nxd2
34. Rxd2 Nxe3+ 35. Kf2 Nxc4 36. Rc2 Nd6 37. Nxh4 Bxg5 38. Nf3 Ne4+ 39. Kg2 Bf6
40. Rc4 Rdc8 41. Rxc8+ Rxc8 42. h4 Rd8 43. Bc2 Nc3 44. Bd3 Bxd4 45. Bc4 Kf8 46.
Ng5 Rd7 47. Nh7+ Ke7 48. Ng5 f6 49. Nf7 Ne4 50. Nh8 Nd2 51. Ng6+ Kd6 52. Bg8
Rc7 53. Nf4 Rc3 54. Ne2 Rxb3 55. Nxd4 Rb2 56. Kg3 Ke5 57. Nc6+ Ke4 58. Bh7+ f5
59. Ne7 Nf1+ 0-1

[Event "FSV-ch 2011"]
[Site "Dortmund"]
[Date "2011.04.28"]
[Round "6.18"]
[White "Hübel, Carsten"]
[Black "Jürgens, Ulrich"]
[Result "1-0"]
[WhiteElo "1410"]
[BlackElo "1168"]
[PlyCount "37"]
[EventDate "2011.??.??"]

1. c4 e5 2. Nc3 Nc6 3. g3 b6 4. Bg2 Bb7 5. Nf3 f6 6. O-O Qe7 7. d3 O-O-O 8. e3
d6 9. a3 h6 10. b4 Qe6 11. Nh4 f5 12. Qa4 Kd7 13. b5 Na5 14. Bxb7 Nxb7 15. Qxa7
Na5 16. Nd5 Qf7 17. Qxc7+ Ke8 18. Qxb6 Nb7 19. Nc7+ 1-0

[Event "FSV-ch 2011"]
[Site "Dortmund"]
[Date "2011.04.28"]
[Round "6.19"]
[White "Wangrin, Stefan A"]
[Black "Kirmes, H.-Uwe"]
[Result "0-1"]
[WhiteElo "1184"]
[BlackElo "1401"]
[PlyCount "106"]
[EventDate "2011.??.??"]

1. Nf3 c5 2. c4 Nc6 3. Nc3 d6 4. e4 g6 5. b3 Bg7 6. Rb1 Bg4 7. Be2 Nf6 8. d3
Nh5 9. Nd5 Nf6 10. Nxf6+ Bxf6 11. O-O O-O 12. Bb2 Bxb2 13. Rxb2 Bxf3 14. Bxf3
Nd4 15. Re1 e5 16. Re3 Rb8 17. Bh5 gxh5 18. Qxh5 f6 19. Rg3+ Kh8 20. Rh3 Qe7
21. Qd1 Rg8 22. g3 Qg7 23. f3 Qg5 24. Kg2 Ne6 25. Kf2 Nd4 26. b4 b6 27. bxc5
bxc5 28. Rxb8 Rxb8 29. f4 exf4 30. Qh5 Rb2+ 31. Kf1 Qxh5 32. Rxh5 fxg3 33. hxg3
Rxa2 34. Rd5 Ra6 35. g4 h6 36. Kf2 Kg7 37. Ke3 Kg6 38. Kf4 Rb6 39. Rh5 a5 40.
Rh2 a4 41. Ra2 Ra6 42. Ra3 Ne6+ 43. Ke3 Kg5 44. Kf3 Nd4+ 45. Kg3 Nc2 46. Ra2 a3
47. Rxc2 a2 48. Rf2 a1=Q 49. Rf5+ Kg6 50. Rd5 Qg1+ 51. Kf3 Qh2 52. Rh5 Qd2 53.
Rd5 Ra3 0-1

[Event "FSV-ch 2011"]
[Site "Dortmund"]
[Date "2011.04.28"]
[Round "6.20"]
[White "Herrmann, Rudolf"]
[Black "Winkler, Harald"]
[Result "0-1"]
[WhiteElo "1276"]
[BlackElo "1318"]
[PlyCount "126"]
[EventDate "2011.??.??"]

1. d4 d5 2. Nf3 Nc6 3. c4 e6 4. Nc3 Nf6 5. a3 g6 6. Bf4 a6 7. e3 Bg7 8. Ne5 Ne7
9. Qa4+ Nd7 10. cxd5 exd5 11. Be2 O-O 12. O-O Nxe5 13. dxe5 c5 14. Rfd1 Bd7 15.
Qc2 Bc6 16. Bf3 b5 17. h3 Ra7 18. Ne4 c4 19. Rab1 Qb6 20. Nc3 Rd7 21. Ne2 Rfd8
22. b3 Qa7 23. bxc4 dxc4 24. Rxd7 Rxd7 25. Nd4 Bxf3 26. Nxf3 Qc5 27. Rd1 Rxd1+
28. Qxd1 Qd5 29. Qe1 Nc6 30. h4 Qd3 31. Qc1 c3 32. Ne1 Qd2 33. e4 Qxc1 34. Bxc1
Bxe5 35. Nc2 a5 36. Kf1 b4 37. Na1 Nd4 38. f4 b3 39. Nxb3 Nxb3 40. Be3 Bd4 41.
Bxd4 Nxd4 42. Ke1 a4 43. Kd1 Nb5 44. Kc2 Kf8 45. g4 Ke7 46. Kd3 f6 47. Kc2 Kd6
48. Kd3 Ke6 49. Kc2 f5 50. exf5+ gxf5 51. g5 Kf7 52. h5 Nd4+ 53. Kxc3 Ne2+ 54.
Kd2 Nxf4 55. g6+ hxg6 56. hxg6+ Nxg6 57. Ke3 Ke6 58. Kd4 f4 59. Ke4 Kd6 60. Kd4
Kc6 61. Kc4 Kb6 62. Kd3 Kc5 63. Kc3 Ne5 0-1

[Event "FSV-ch 2011"]
[Site "Dortmund"]
[Date "2011.04.28"]
[Round "6.21"]
[White "Wickenfeld, Udo"]
[Black "Jentzsch, W. W."]
[Result "1-0"]
[WhiteElo "1249"]
[BlackElo "1292"]
[PlyCount "105"]
[EventDate "2011.??.??"]

1. e4 c5 2. Nf3 Nc6 3. d4 cxd4 4. Nxd4 Nxd4 5. Qxd4 e6 6. Nc3 b6 7. Be3 Nf6 8.
h3 Bc5 9. Qd3 Bb7 10. O-O-O Rc8 11. Bxc5 Rxc5 12. Kb1 O-O 13. f3 Qc7 14. g4 Rc8
15. Rc1 Qe5 16. Qd2 Rxc3 17. bxc3 Rxc3 18. Bd3 Qa5 19. Ka1 d5 20. e5 Nd7 21.
Rb1 Nxe5 22. Rb3 d4 23. Be4 Rxb3 24. Qxa5 bxa5 25. cxb3 Bxe4 26. fxe4 d3 27.
Rd1 Kf8 28. Kb2 Ke7 29. Ka3 Kd6 30. Ka4 Kc5 31. Kxa5 Kd4 32. b4 Nc6+ 33. Kb5
Nb8 34. a4 Kxe4 35. Kc4 Nc6 36. b5 Na5+ 37. Kc3 e5 38. Rxd3 Nb3 39. Rd7 Nc5 40.
Rxa7 f6 41. b6 Kf3 42. b7 Nd7 43. a5 e4 44. Ra8 Kg3 45. Rd8 Kxh3 46. Rxd7 Kxg4
47. b8=Q f5 48. Rxg7+ Kf3 49. Qg3+ Ke2 50. Qh2+ Kf3 51. Rg3+ Kf4 52. Kd4 e3 53.
Qh4# 1-0

[Event "FSV-ch 2011"]
[Site "Dortmund"]
[Date "2011.04.28"]
[Round "6.22"]
[White "Rabe, Mark"]
[Black "Riepe, Markus"]
[Result "1-0"]
[WhiteElo "993"]
[BlackElo "886"]
[PlyCount "39"]
[EventDate "2011.??.??"]

1. e3 Nf6 2. b3 g6 3. Bb2 Bg7 4. Nf3 O-O 5. d3 d6 6. Be2 c5 7. c4 Nc6 8. h4 h6
9. Qc2 Qa5+ 10. Bc3 Nb4 11. Qb2 Bg4 12. a3 Bxf3 13. axb4 Qc7 14. Bxf3 e5 15. g4
h5 16. gxh5 gxh5 17. Rg1 Qd7 18. Rg3 Ng4 19. Qe2 e4 20. dxe4 1-0

[Event "FSV-ch 2011"]
[Site "Dortmund"]
[Date "2011.05.23"]
[Round "6.23"]
[White "vd Mescht, Adrian"]
[Black "Böckmann, Lilo"]
[Result "1-0"]
[WhiteElo "756"]
[BlackElo "935"]
[PlyCount "127"]
[EventDate "2011.??.??"]

1. d4 Nf6 2. c4 c6 3. Nc3 g6 4. e4 d6 5. Bd3 Bg7 6. Nge2 O-O 7. O-O Qc7 8. Ng3
e5 9. d5 Na6 10. Be3 Nb4 11. a3 Nxd3 12. Qxd3 a6 13. f4 Ng4 14. f5 Nxe3 15.
Qxe3 Bf6 16. fxg6 fxg6 17. Qh6 Qg7 18. Qe3 c5 19. Na4 Bg4 20. h3 Bh5 21. Nb6
Rad8 22. Rf2 Qe7 23. Raf1 Bg5 24. Rxf8+ Rxf8 25. Rxf8+ Kxf8 26. Qf2+ Kg8 27.
Nxh5 gxh5 28. Qg3 Qd8 29. Na4 Kh8 30. Qf2 Qg8 31. h4 Bf4 32. Nb6 Bg3 33. Qf6+
Qg7 34. Nd7 Qxf6 35. Nxf6 Bf4 36. Nxh5 Bc1 37. g4 Bxb2 38. Nf6 Bc1 39. a4 Kg7
40. Ne8+ Kf7 41. Nxd6+ Ke7 42. Nxb7 Be3+ 43. Kg2 Kd7 44. Nxc5+ Bxc5 45. h5 Ke7
46. g5 Ke8 47. Kg3 Kf8 48. Kg4 Ke7 49. Kf5 Be3 50. g6 h6 51. d6+ Kf8 52. d7 Bb6
53. c5 Bd8 54. c6 Ke7 55. g7 Kf7 56. g8=Q+ Kxg8 57. Ke6 Kf8 58. Kd6 Be7+ 59.
Kxe5 Kg7 60. c7 a5 61. c8=Q Bf6+ 62. Kf5 Kf7 63. Qc7 Be7 64. d8=R 1-0

[Event "FSV-ch 2011"]
[Site "Dortmund"]
[Date "2011.04.28"]
[Round "6.24"]
[White "Pauli, Helmut"]
[Black "Reker, Gerhard"]
[Result "1-0"]
[WhiteElo "1199"]
[BlackElo "727"]
[PlyCount "53"]
[EventDate "2011.??.??"]

1. d4 d5 2. c4 e6 3. e3 Nf6 4. a3 Ne4 5. Nd2 Qh4 6. Nxe4 Qxe4 7. Nf3 Bd6 8. Bd3
Qg4 9. O-O O-O 10. c5 Be7 11. h3 Qh5 12. Be2 g5 13. Ne5 Qh6 14. Ng4 Qg7 15. f4
f6 16. Bd3 h6 17. f5 c6 18. e4 exf5 19. exf5 a6 20. Bd2 b5 21. Re1 Re8 22. Ba5
Bb7 23. Qe2 Nd7 24. Qe6+ Qf7 25. Nxh6+ Kg7 26. Qxf7+ Kxh6 27. Rxe7 $4 (27. Qg6#
) 1-0

[Event "FSV-ch 2011"]
[Site "Dortmund"]
[Date "2011.05.05"]
[Round "7.1"]
[White "Zelt, Jens"]
[Black "Naundorf, Maik"]
[Result "1/2-1/2"]
[WhiteElo "2070"]
[BlackElo "2067"]
[PlyCount "113"]
[EventDate "2011.??.??"]

1. d4 Nf6 2. Nf3 g6 3. c4 c5 4. e3 Bg7 5. Nc3 cxd4 6. Nxd4 O-O 7. Be2 Nc6 8.
O-O d5 9. cxd5 Nxd5 10. Nxd5 Qxd5 11. Bf3 Qc4 12. Nxc6 bxc6 13. Be2 Qc5 14. Qa4
Be6 15. Rb1 Rab8 16. e4 Qb4 17. Qxb4 Rxb4 18. b3 Rxe4 19. Bf3 Re5 20. Be3 Bd5
21. Be2 Be4 22. Rbd1 Ra5 23. Rd7 Rxa2 24. Bc4 Bd5 25. Bxd5 cxd5 26. Rxd5 a5 27.
Rb5 a4 28. bxa4 Rxa4 29. Rb7 Re8 30. h3 h5 31. g3 Bd4 32. Bxd4 Rxd4 33. h4 e5
34. Rc1 Rd6 35. Rc3 e4 36. Rb1 Rde6 37. Re3 f5 38. Reb3 Kf7 39. Rb6 Kf6 40.
Rxe6+ Rxe6 41. Rb5 g5 42. hxg5+ Kxg5 43. Kg2 Rd6 44. Rb8 Rg6 45. Kh3 Rg7 46.
Rb6 Re7 47. Rb8 e3 48. fxe3 Rxe3 49. Rg8+ Kh6 50. Kg2 Re4 51. Kf3 Rg4 52. Rh8+
({Selbst auf das Bauernendspiel nach} 52. Rxg4 hxg4+ {
duerfte sich Weiss einlassen, z.B.} 53. Ke3 Kg5 54. Ke2 Kf6 55. Kf2 (55. Ke3 $4
Ke5 $19) 55... Ke6 56. Ke2 Kd6 57. Kd2 Kd5 58. Kd3 Ke5 59. Ke3 {
und Schwarz kaeme nicht voran}) 52... Kg6 53. Kf2 Ra4 54. Rg8+ Kf6 55. Rh8 f4
56. Rxh5 fxg3+ 57. Kxg3 1/2-1/2

[Event "FSV-ch 2011"]
[Site "Dortmund"]
[Date "2011.05.05"]
[Round "7.2"]
[White "Schulenburg, Pit"]
[Black "Morawietz, Manuel"]
[Result "1-0"]
[WhiteElo "2119"]
[BlackElo "1958"]
[PlyCount "59"]
[EventDate "2011.??.??"]

1. f4 d5 2. Nf3 c5 3. g3 Nf6 4. Bg2 Nc6 5. d3 e6 6. O-O Be7 7. c3 O-O 8. Qc2 b5
9. e4 Qb6 10. e5 c4+ 11. d4 Ne4 12. Nbd2 Nxd2 13. Bxd2 a5 14. g4 f6 15. exf6
gxf6 16. Rae1 Ra7 17. Kh1 f5 18. gxf5 exf5 19. Ng5 Rd7 20. Re6 Qc7 21. Rh6 Bxg5
22. fxg5 Ne7 23. Bf4 Qb7 24. Qe2 Ng6 25. Qe6+ Rff7 26. Rxg6+ hxg6 27. Qxg6+ Kf8
28. Bd6+ Rde7 29. Re1 f4 30. Rxe7 1-0

[Event "FSV-ch 2011"]
[Site "Dortmund"]
[Date "2011.05.05"]
[Round "7.3"]
[White "Tekin, Baran"]
[Black "Begna, Bozidar"]
[Result "1/2-1/2"]
[WhiteElo "1421"]
[BlackElo "1960"]
[PlyCount "110"]
[EventDate "2011.??.??"]

1. d4 Nf6 2. Nf3 e6 3. c4 Bb4+ 4. Nbd2 c5 5. g3 cxd4 6. a3 Bxd2+ 7. Qxd2 Nc6 8.
Nxd4 O-O 9. Bg2 Ne5 10. Qc2 Qc7 11. Nb5 Qxc4 12. Qxc4 Nxc4 13. b3 Na5 14. Nc7
Rb8 15. Bf4 Nc6 16. Nxe6 fxe6 17. Bxc6 Ra8 18. Bg2 d5 19. Rc1 Bd7 20. Rc7 Bc6
21. b4 Rf7 22. O-O Rxc7 23. Bxc7 Rc8 24. Bf4 Bb5 25. Bh3 Kf7 26. Re1 Rc2 27.
Bf1 Ra2 28. Rc1 Ne8 29. e4 Bxf1 30. Kxf1 Rxa3 31. exd5 exd5 32. Rc5 Rb3 33. Rb5
b6 34. Rxd5 Rxb4 35. Rd7+ Kg6 36. Rxa7 Nf6 37. Bd6 Rd4 38. Bf8 Rd7 39. Ra3 b5
40. Rb3 Rb7 41. h4 h5 42. Ke2 Kf7 43. Bc5 Ne4 44. Be3 Ke6 45. Kd3 Kd5 46. Rb4
Nc5+ 47. Kc3 Ne6 48. Kd3 g6 49. Kc3 Rc7+ 50. Kd2 Rd7 51. Kc3 Kc6 52. Re4 Nc5
53. Re5 Rd3+ 54. Kc2 Rd5 55. Re8 Nd7 {(=)} 1/2-1/2

[Event "FSV-ch 2011"]
[Site "Dortmund"]
[Date "2011.05.05"]
[Round "7.4"]
[White "Melmer, Felix"]
[Black "Jost, Udo"]
[Result "1/2-1/2"]
[WhiteElo "1917"]
[BlackElo "1792"]
[PlyCount "121"]
[EventDate "2011.??.??"]

1. d4 c5 2. d5 d6 3. Bg5 h6 4. Bh4 g5 5. Bg3 Bg7 6. c3 Bf5 7. Nd2 Nf6 8. Qa4+
Qd7 9. Qb3 O-O 10. f3 Na6 11. e4 Bg6 12. Nh3 Nh5 13. O-O-O Nc7 14. Be2 b5 15.
f4 c4 16. Qc2 Nxd5 17. Nxc4 Nhxf4 18. Bxf4 Nxf4 19. Nxf4 gxf4 20. Na3 a6 21.
Bf3 Rac8 22. Qd2 b4 23. Nb1 bxc3 24. Nxc3 Qa4 25. Qc2 Qb4 26. a3 Qc5 27. Rd3
Rc7 28. Kb1 Rb8 29. Ka1 Qc4 30. Qd2 Rb3 31. Rc1 Rc5 32. Bd1 Rxa3+ 33. bxa3 Bxe4
34. Rh3 Rd5 35. Qb2 Rb5 36. Qa2 Qc5 37. Bb3 d5 38. a4 Rb8 39. Qb2 Bf5 40. Rf3
Qc7 41. Ka2 d4 42. Nd5 Qe5 43. Nxf4 e6 44. Qd2 Be4 45. Rg3 h5 46. Nd3 Qd6 47.
Qg5 Bg6 48. Qc5 Qd8 49. Qc7 Qf8 50. Nf4 Qb4 51. Nxg6 fxg6 52. Qc6 d3 53. Qxe6+
Kh8 54. Rxd3 Qf4 55. Rc8+ Kh7 56. Rc2 Qf1 57. Rdc3 Rd8 58. Qc4 Qg1 59. Re2 Rd4
60. Rc1 Qxh2 61. Qf7 {und die Partie endete nach zahlreichen weiteren, in
Zeitnot nicht mehr notierten Zuegen remis ...} 1/2-1/2

[Event "FSV-ch 2011"]
[Site "Dortmund"]
[Date "2011.05.05"]
[Round "7.5"]
[White "Grube, Jörg"]
[Black "Benke, Werner"]
[Result "1-0"]
[WhiteElo "1900"]
[BlackElo "1612"]
[PlyCount "65"]
[EventDate "2011.??.??"]

1. e4 c5 2. Nf3 d6 3. Nc3 Nf6 4. d4 cxd4 5. Nxd4 Nc6 6. Bg5 a6 7. Bxf6 gxf6 8.
Qd2 h5 9. f4 Bh6 10. g3 Qb6 11. Nb3 Be6 12. Nd5 Bxd5 13. exd5 Ne5 14. Qe2 Ng6
15. O-O-O O-O-O 16. Kb1 Kb8 17. Bh3 Rde8 18. Bd7 Rd8 19. Bf5 Rde8 20. Rd4 h4
21. Re4 Qd8 22. Re1 hxg3 23. hxg3 Bf8 24. Rb4 Ka8 25. Bd3 Ka7 26. Qe3+ Ka8 27.
Rb6 Qc7 28. Na5 Qc5 29. Qxc5 dxc5 30. Rxb7 Rb8 31. Rc7 Bg7 32. d6 e6 33. Be4+
1-0

[Event "FSV-ch 2011"]
[Site "Dortmund"]
[Date "2011.05.05"]
[Round "7.6"]
[White "Dieckmann, Rudolf"]
[Black "Sonntag, Joachim"]
[Result "1-0"]
[WhiteElo "1592"]
[BlackElo "1755"]
[PlyCount "43"]
[EventDate "2011.??.??"]

1. d4 d5 2. c4 e6 3. cxd5 exd5 4. g3 Nf6 5. Nc3 Bb4 6. a3 Bd6 7. Bg2 c6 8. Nf3
Bf5 9. Nh4 Be6 10. O-O O-O 11. e4 dxe4 12. Nxe4 Nxe4 13. Bxe4 f5 14. Bg2 Nd7
15. d5 cxd5 16. Bxd5 Qf6 17. Bxb7 Rab8 18. Bd5 Be5 19. Re1 Bxd5 20. Qxd5+ Rf7
21. Nf3 Qd6 22. Rxe5 1-0

[Event "FSV-ch 2011"]
[Site "Dortmund"]
[Date "2011.05.05"]
[Round "7.7"]
[White "Schütz, Ralf"]
[Black "Dite, Alexander"]
[Result "1/2-1/2"]
[WhiteElo "1793"]
[BlackElo "1610"]
[PlyCount "81"]
[EventDate "2011.??.??"]

1. e4 c6 2. d4 d5 3. exd5 cxd5 4. Bf4 Bf5 5. Nc3 a6 6. Bd3 Bxd3 7. Qxd3 Nf6 8.
Nf3 e6 9. O-O Bd6 10. Ne5 O-O 11. Rfe1 Qc7 12. Bg5 Nbd7 13. f4 b5 14. Re3 b4
15. Nxd7 Nxd7 16. Rh3 g6 17. Ne2 Rfc8 18. Rc1 Qc4 19. b3 Qxd3 20. Rxd3 Bf8 21.
Kf2 Rc7 22. Ke1 Bg7 23. Be7 Bf8 24. Bxf8 Kxf8 25. c4 dxc4 26. Rxc4 Rxc4 27.
bxc4 Nb6 28. c5 Nd5 29. g4 Ke7 30. Rh3 Rh8 31. a3 a5 32. axb4 axb4 33. Kd2 h5
34. Kc2 Kd7 35. Kb3 Ra8 36. Kc4 hxg4 37. Rb3 Rh8 38. Nc1 Rxh2 39. Nd3 f6 40.
Nxb4 Nxb4 41. Rxb4 1/2-1/2

[Event "FSV-ch 2011"]
[Site "Dortmund"]
[Date "2011.05.05"]
[Round "7.8"]
[White "Lauche, Christoph"]
[Black "Raabe, Hans-Ulrich"]
[Result "1-0"]
[WhiteElo "1874"]
[BlackElo "1507"]
[PlyCount "39"]
[EventDate "2011.??.??"]

1. e4 e5 2. Nc3 Nc6 3. f4 Bc5 4. Nf3 d6 5. Na4 Bb6 6. Nxb6 axb6 7. d4 exd4 8.
Nxd4 Qe7 9. Bb5 Bd7 10. O-O Nf6 11. Nxc6 bxc6 12. Bd3 Bg4 13. Qe1 O-O 14. Qh4
Be6 15. e5 dxe5 16. Bxh7+ Kh8 17. Bd3+ Kg8 18. fxe5 Qc5+ 19. Kh1 Qxe5 20. Rxf6
1-0

[Event "FSV-ch 2011"]
[Site "Dortmund"]
[Date "2011.05.05"]
[Round "7.9"]
[White "Völler, Lothar"]
[Black "Reschop, Romano"]
[Result "0-1"]
[WhiteElo "1457"]
[BlackElo "1703"]
[PlyCount "44"]
[EventDate "2011.??.??"]

1. e4 e5 2. Nf3 Nc6 3. Bc4 Bc5 4. b4 Bxb4 5. c3 Be7 6. d4 Na5 7. Bxf7+ Kxf7 8.
Nxe5+ Kf8 9. O-O d6 10. Nd3 Qe8 11. f4 Nc6 12. e5 Bf5 13. g4 Qg6 14. h3 h5 15.
Nf2 hxg4 16. hxg4 Nh6 17. g5 Ng4 18. Nxg4 Qh5 19. Qf3 Bxg4 20. Qg3 Qh1+ 21. Kf2
Rh2+ 22. Qxh2 Qxh2+ 0-1

[Event "FSV-ch 2011"]
[Site "Dortmund"]
[Date "2011.05.05"]
[Round "7.10"]
[White "Kirmes, H.-Uwe"]
[Black "Schicktanz, Florian"]
[Result "0-1"]
[WhiteElo "1401"]
[BlackElo "1569"]
[PlyCount "52"]
[EventDate "2011.??.??"]

1. f4 c5 2. Nf3 d5 3. e3 Nc6 4. Bb5 Nf6 5. Ne5 Qc7 6. O-O a6 7. Bxc6+ bxc6 8.
b3 e6 9. Bb2 Bd6 10. Qe1 Rb8 11. c4 O-O 12. Qg3 Ne4 13. Qg4 f6 14. Nd3 dxc4 15.
bxc4 e5 16. Qf3 Bf5 17. fxe5 fxe5 18. Qe2 Bg6 19. Rxf8+ Rxf8 20. Nc3 Nxc3 21.
Bxc3 e4 22. Nf2 Bxh2+ 23. Kh1 Bg3 24. Nh3 Qd8 25. Rb1 Qd3 26. Rb7 Rf1+ 0-1

[Event "FSV-ch 2011"]
[Site "Dortmund"]
[Date "2011.05.05"]
[Round "7.11"]
[White "Reinacher, Detlev"]
[Black "Hübel, Carsten"]
[Result "0-1"]
[WhiteElo "1559"]
[BlackElo "1410"]
[PlyCount "114"]
[EventDate "2011.??.??"]

1. Nf3 c5 2. g3 g6 3. Bg2 Bg7 4. d3 d5 5. c3 Nc6 6. Nbd2 Nf6 7. a3 O-O 8. O-O
Re8 9. e4 dxe4 10. dxe4 Bg4 11. Qc2 Qc7 12. b3 Rad8 13. Bb2 Nd7 14. h3 Bxf3 15.
Nxf3 Nde5 16. Rad1 Nxf3+ 17. Bxf3 Ne5 18. Bg2 b5 19. f4 Rxd1 20. Rxd1 Nc6 21.
e5 Nb8 22. c4 a6 23. Rd5 e6 24. Rd6 Bf8 25. Rd3 Rd8 26. cxb5 axb5 27. Qd2 Rxd3
28. Qxd3 c4 29. bxc4 bxc4 30. Qc3 Nd7 31. Bf1 Nb6 32. Qc2 Bc5+ 33. Kh2 Be7 34.
Bd3 Qc6 35. Be4 Qb5 36. Qc1 Qa4 37. Bc2 Qa5 38. Bd1 Qe1 39. Qc2 Bc5 40. h4 Qg1+
41. Kh3 Qh1+ 42. Kg4 h5+ 43. Kg5 Kg7 44. Bxh5 Be7+ 45. Kg4 gxh5+ 46. Kxh5 Qf3+
47. g4 Qxf4 48. Bc1 Qxe5+ 49. g5 Qf5 50. Bb2+ Kh7 51. Qc3 Qg6+ 52. Kg4 f6 53.
Ba1 Nd5 54. Qd4 Qf5+ 55. Kg3 Qd3+ 56. Kf2 Qxd4+ 57. Bxd4 fxg5 0-1

[Event "FSV-ch 2011"]
[Site "Dortmund"]
[Date "2011.05.05"]
[Round "7.12"]
[White "Bommert, Christian"]
[Black "Gennat, Egon L"]
[Result "1/2-1/2"]
[WhiteElo "1754"]
[BlackElo "1359"]
[PlyCount "49"]
[EventDate "2011.??.??"]

1. e4 d6 2. d4 g6 3. Nc3 Bg7 4. Be3 e5 5. dxe5 Bxe5 6. Qd2 a6 7. Nf3 Nc6 8. Be2
Bg7 9. h3 Nge7 10. Bh6 O-O 11. Bxg7 Kxg7 12. a4 b6 13. O-O Bb7 14. Bc4 Ne5 15.
Nxe5 dxe5 16. Qe3 Nc6 17. Bd5 Qe7 18. Rad1 Rad8 19. Qg3 Rd6 20. b4 Ba8 21. f4
Nxb4 22. fxe5 Rdd8 23. Bb3 Rxd1 24. Rxd1 Nc6 25. e6 {(=)} 1/2-1/2

[Event "FSV-ch 2011"]
[Site "Dortmund"]
[Date "2011.05.05"]
[Round "7.13"]
[White "Weischer, Wolfgang"]
[Black "Schulz-Runge, Mi"]
[Result "0-1"]
[WhiteElo "1582"]
[BlackElo "1792"]
[PlyCount "45"]
[EventDate "2011.??.??"]

1. d4 Nf6 2. c4 g6 3. Nc3 d5 4. g3 c6 5. Bg2 Bg7 6. cxd5 cxd5 7. Qb3 e6 8. Qa3
Qb6 9. Bf4 Bf8 10. Qb3 Qxb3 11. axb3 a6 12. Nb5 Bb4+ 13. Kf1 O-O 14. Nc7 Ra7
15. Nb5 {(=)} 15... axb5 16. Rxa7 Na6 17. Ra8 Nd7 18. e4 e5 19. Bxe5 Nxe5 20.
dxe5 d4 21. Ne2 d3 22. Nc3 d2 23. Bf3 {
und Weiss gab auf, ohne die Antwort 23...Lh3+ abzuwarten.} 0-1